Statistiken für Berühmte Deutsche - Bild Quiz

Klicken Sie hier um das Quiz zu spielen!

Allgemein

  • Dieses Quiz wurde 537 mal gespielt
    (469 seit der letzten Aktualisierung)
  • Das Durchschnittsergebnis liegt bei 8 aus 15

Antwortstatistiken

Antwort% Korrekt
Albert Einstein
99%
Otto von Bismarck
86%
Anne Frank
82%
Konrad Adenauer
79%
Karl Marx
78%
Marlene Dietrich
60%
Erick Honecker
53%
Richard Wagner
53%
Erwin Rommel
46%
Ulrike Meinhof
40%
Thomas Mann
32%
Leni Riefenstahl
25%
Rosa Luxemburg
22%
Rainer Werner Fassbinder
19%
Nelly Sachs
2%

Verteilung der Resultate

Perzentil nach korrekt beantworteten Fragen

Anzahl Personen mit jedem Resultat

Ihre Resultats-Entwicklung

Sie haben dieses Quiz seit der letzten Aktualisierung nicht gespielt